|
|
|
|
| LEADER |
01047nam a2200277 a 4500 |
| 001 |
7845 |
| 003 |
BD-DhAAL |
| 005 |
20151111114131.0 |
| 008 |
151111s1988 iluabcf b s000 1 eng |
| 010 |
|
|
|a 87028751
|
| 020 |
|
|
|a 0451515048
|
| 020 |
|
|
|a 0252014944 (alk. paper)
|
| 020 |
|
|
|a 0252014804 (pbk. : alk. paper)
|
| 040 |
|
|
|a DLC
|c DLC
|d EQF
|d BD-DhAAL
|
| 050 |
0 |
|
|a PS3537.I85
|b J85 1988
|
| 082 |
0 |
|
|a 813/.52
|2 19
|
| 100 |
1 |
|
|a Sinclair, Upton,
|d 1878-1968.
|9 16099
|
| 245 |
1 |
4 |
|a The jungle /
|c Upton Sinclair ; with an introduction and notes by James R. Barrett.
|
| 260 |
|
|
|a Urbana :
|a New York :
|b University of Illinois Press,
|b New American Library,
|c c1980
|
| 300 |
|
|
|a 350 p. :
|b ill., map, ports. ;
|c 18 cm.
|
| 504 |
|
|
|a Includes bibliographical references.
|
| 541 |
|
|
|e 7845
|
| 700 |
1 |
|
|a Barrett, James R.,
|d 1950-
|9 16100
|
| 942 |
|
|
|2 ddc
|c BK
|
| 999 |
|
|
|c 36108
|d 36108
|
| 952 |
|
|
|0 0
|1 0
|2 ddc
|4 0
|6 813_000000000000000__52_SIN
|7 0
|9 56735
|a SCL
|b SCL
|c GEN
|d 2015-11-11
|e Gift:
|l 10
|m 53
|o 813.52 SIN
|p 3020007845
|r 2023-04-09
|s 2023-04-03
|t 1
|w 2015-11-11
|y BK
|